The Birth Litery and Other Surprises/ (Record no. 206000)

MARC details
000 -LEADER
fixed length control field 00569nam a22001817a 4500
005 - DATE AND TIME OF LATEST TRANSACTION
control field 20240930111243.0
010 ## - LCCN (DPL NO)
LC control number ENG-141798
020 ## - INTERNATIONAL STANDARD BOOK NUMBER
International Standard Book Number 9789393701220
Terms of availability 399.00
035 ## - SYSTEM CONTROL NUMBER
System control number EN-125330
037 ## - SOURCE OF ACQUISITION
Source of stock number/acquisition DBAD
082 ## - DEWEY DECIMAL CLASSIFICATION NUMBER
Classification number N
100 ## - MAIN ENTRY--PERSONAL NAME
Personal name Karunatilaka, Shehan
245 ## - TITLE STATEMENT
Title The Birth Litery and Other Surprises/
Statement of responsibility, etc By Shehan Karunatilaka
260 ## - PUBLICATION, DISTRIBUTION, ETC. (IMPRINT)
Place of publication, distribution, etc Gurugram
Name of publisher, distributor, etc Hachelle Book Publishing India Pvt Ltd
Date of publication, distribution, etc 2024
270 ## - ADDRESS
Address 4th & 5th Floor, Corporate Centre, Plot No. 94, Sector 44
City Gurugram
Postal code 122003
300 ## - PHYSICAL DESCRIPTION
Extent 259p.
Dimensions 20cm.(pb)
942 ## - ADDED ENTRY ELEMENTS (KOHA)
Source of classification or shelving scheme Dewey Decimal Classification
Item type English Books
Classification part N
Call number suffix KAR
Holdings
Withdrawn status Lost status Not for loan Collection code Home library Current library Date acquired Source of acquisition Cost, normal purchase price Full call number Barcode Copy number Cost, replacement price Koha item type
      Fiction Sarojini Nagar Sarojini Nagar 30/09/2024 Delivery of Books Act Division 399.00 N KAR EN-125330 1 399.00 English Books

© Delhi Public Library
Hit Counter
free hit counter